00702aam a2200205uu 4500001001200000003000400012005001700016008004100033020001800074040000800092041000800100245010400108260006900212300001400281700002400295700002900319700002100348700002300369773010400392WIIW0000103OSt20180823130144.0180823s1975 ||||| |||| ||| ||eng d a0-87332-050-6 cOSt aeng00aSelf-governing socialism.bA readernVol. 1pHistorical Development Social and Political Philosophy aWhite Plains, NY :bInternational Arts and Sciences Press,c1975 aX, 490 S.1 aHorvat, Brankoeed.1 aMarković, Mihailoeed.1 aSupek, Rudieed.1 aKramer, Heleneed.0 tSelf-governing socialism.wWIIW0000102dWhite Plains, NY : International Arts and Sciences Pressg1